[Event "British Rapidplay"]
[Site "Halifax ENG"]
[Date "2009.11.22"]
[Round "11"]
[White "Arkell,K"]
[Black "Hebden,M"]
[Result "1/2-1/2"]
[WhiteElo "2521"]
[BlackElo "2522"]

1.d4 Nf6 2.Nf3 d6 3.c4 g6 4.g3 Bg7 5.Bg2 O-O 6.O-O Nbd7 7.d5 a5 8.Nc3 Nb6
9.Qd3 e5 10.e4 Nbd7 11.Qc2 Nc5 12.Ne1 Nh5 13.Nd3 Nxd3 14.Qxd3 f5 15.exf5 gxf5
16.f4 e4 17.Qd1 Nf6 18.Be3 c5 19.dxc6 bxc6 20.Qd2 Ba6 21.Rfd1 Bxc4 22.Qxd6 Qxd6
23.Rxd6 Nd5 24.Bc5 Rfb8 25.Bf1 Bxf1 26.Rxf1 Rxb2 27.Nxd5 cxd5 28.Rxd5 Rc8
29.Rfd1 a4 30.Rd8+ Rxd8 31.Rxd8+ Kf7 32.Rd7+ Ke6 33.Rxg7 Rxa2 34.Re7+ Kd5
35.Re5+ Kc4 36.Rxf5 a3 37.Bxa3 Rxa3 38.Kf2 Kd4 39.g4 Rf3+ 40.Ke2 Ra3 41.Kf2 Rf3+
42.Ke2 Ra3 43.Kf2  1/2-1/2

[Event "UTD Invitational B"]
[Site "Dallas USA"]
[Date "2009.11.24"]
[Round "4"]
[White "Vedrickas,T"]
[Black "Bryant,J"]
[Result "0-1"]
[WhiteElo "2272"]
[BlackElo "2359"]

1.d4 Nf6 2.c4 d6 3.Nf3 g6 4.g3 Bg7 5.Bg2 O-O 6.O-O Nbd7 7.Nc3 e5 8.e4 exd4
9.Nxd4 Re8 10.Re1 Nc5 11.f3 c6 12.Be3 a5 13.Qc2 Nfd7 14.Rad1 a4 15.f4 Qb6
16.Nf3 Qb4 17.Rxd6 a3 18.e5 axb2 19.Rb1 Qxc4 20.Bf1 Qb4 21.Rxb2 Qa5 22.Ne4 Nxe4
23.Qxe4 Nf6 24.Qd4 Nd5 25.Bc4 Nxe3 26.Qxe3 Bf8 27.Qb3 Bxd6 28.Bxf7+ Kf8 29.exd6 Qc5+
30.Kg2 Re3 31.d7 Bxd7 32.Qxb7 Ra7 33.Qb8+ Kxf7 34.Qh8 Qd5 35.Qxh7+ Kf6 36.Qh8+ Ke7
37.Qg7+ Qf7 38.Qd4 Raa3 39.Qc5+ Kd8 40.Rb8+ Bc8 41.Qb6+ Qc7 42.Qd4+ Qd7 43.Qh8+ Kc7
44.Qb2 Qd5 45.Qb6+ Kd7 46.Rb7+ Ke8  0-1

[Event "Vasylyshyn Mem"]
[Site "Lviv UKR"]
[Date "2009.11.27"]
[Round "3"]
[White "Ulanov,A"]
[Black "Vovk,Y"]
[Result "0-1"]
[WhiteElo "2336"]
[BlackElo "2546"]

1.d4 Nf6 2.Nf3 g6 3.c4 Bg7 4.g3 O-O 5.Bg2 d6 6.Nc3 Nc6 7.O-O Bf5 8.Ne1 Qd7
9.e4 Bh3 10.Nc2 e5 11.dxe5 Nxe5 12.b3 Rae8 13.f3 Bxg2 14.Kxg2 Nh5 15.Nd5 f5
16.exf5 gxf5 17.Rb1 Qf7 18.Be3 Ng6 19.f4 c6 20.Qxh5 cxd5 21.Qf3 dxc4 22.Bxa7 Ra8
23.Bf2 Rxa2 24.Nb4 Ra3 25.Nd5 Re8 26.Qd1 c3 27.Qd3 Rc8 28.Rfe1 Ra2 29.Rbd1 c2
30.Rd2 Ra1 31.Ne3 Rxe1 32.Rxc2 Rxc2 33.Qxc2 Ra1 34.Qc8+ Nf8 35.Nxf5 Qd5+
36.Kh3 Qe6  0-1

[Event "Vasylyshyn Mem"]
[Site "Lviv UKR"]
[Date "2009.12.01"]
[Round "7"]
[White "Ulanov,A"]
[Black "Erdogdu,M"]
[Result "0-1"]
[WhiteElo "2336"]
[BlackElo "2489"]

1.d4 Nf6 2.c4 g6 3.g3 Bg7 4.Bg2 d6 5.Nf3 O-O 6.O-O Nc6 7.Nc3 a6 8.h3 Bd7
9.e4 e5 10.d5 Nd4 11.Nxd4 exd4 12.Qxd4 Qc8 13.h4 Ng4 14.Qd1 b5 15.f3 Ne5
16.c5 b4 17.Ne2 Bb5 18.a4 bxa3 19.Rxa3 a5 20.Re1 Qa6 21.Nc3 dxc5 22.Nxb5 Qxb5
23.f4 Nc4 24.Bf1 Bd4+ 25.Kh2 a4 26.b3 axb3 27.Qxb3 Qxb3 28.Rxb3 Ra2+ 29.Kh3 Nb6
30.Be3 Bxe3 31.Rbxe3 Re8 32.Rc3 Ra5 33.Bg2 Nxd5 34.Rc2 Nb4 35.Rc3 Rd8 36.Bf1 Rd2
37.Re2 Rd4 38.e5 Nd5 39.Rc1 Ra3 40.Kh2 Ne3 41.Bh3 c4 42.Rb2 h5 43.e6 Kf8
44.exf7 Kxf7 45.Rb7 Rd2+ 46.Kh1 Raa2 47.Rxc7+ Kf6 48.Kg1 Rd3 49.Rc6+ Kg7
50.Rb1 Nd5 51.Kh1 Rxg3 52.Be6 Nxf4 53.Bxc4 Rh3+ 54.Kg1 Rg2+  0-1

[Event "Open"]
[Site "Figueira da Foz POR"]
[Date "2009.12.02"]
[Round "5"]
[White "Dias,P"]
[Black "Paunovic,D"]
[Result "1/2-1/2"]
[WhiteElo "2406"]
[BlackElo "2533"]

1.d4 d6 2.Nf3 Nf6 3.c4 g6 4.g3 Bg7 5.Bg2 O-O 6.O-O c6 7.Nc3 Qb6 8.h3 Qa6
9.b3 b5 10.Nd2 bxc4 11.Nxc4 Be6 12.Ne3 Nbd7 13.Bb2 Rfc8 14.Qd2 Nb6 15.Rac1 Rab8
16.Rfd1 Qa5 17.Ncd5 Qxd2 18.Nxf6+ Bxf6 19.Rxd2 c5 20.dxc5 Bxb2 21.Rxb2 Rxc5
22.Rxc5 dxc5 23.Rc2 Rc8 24.Bb7 Rc7 25.Ba6 Kg7  1/2-1/2

[Event "ch-IND National A"]
[Site "Mumbai IND"]
[Date "2009.12.04"]
[Round "4"]
[White "Kunte,A"]
[Black "Swapnil,SD"]
[Result "0-1"]
[WhiteElo "2522"]
[BlackElo "2406"]

1.d4 Nf6 2.c4 g6 3.Nf3 Bg7 4.g3 O-O 5.Bg2 d6 6.O-O Nc6 7.Nc3 Bf5 8.b3 e5
9.d5 Ne7 10.Ne1 Bd7 11.e4 Ne8 12.Nd3 f5 13.c5 Nf6 14.f3 f4 15.gxf4 exf4 16.Bxf4 Nfxd5
17.Nxd5 Nxd5 18.exd5 Bb5 19.Qd2 Bxa1 20.Rxa1 Bxd3 21.Bh6 Qh4 22.Rd1 Rfe8
23.Be3 Bf5 24.Bg5 Qh5 25.Bf6 Bh3 26.Bh1 Rf8 27.Be7 Rf5 28.cxd6 cxd6 29.Re1 Re8
30.Re4 Rxd5 31.Qe1 Rxe7 32.Rxe7 Qg5+ 33.Kf2 Qh4+  0-1

[Event "2nd Dragon Capital"]
[Site "Ho Chi Minh City VIE"]
[Date "2009.12.08"]
[Round "9"]
[White "Pham Chuong"]
[Black "Nguyen Van Hai"]
[Result "1-0"]
[WhiteElo "2364"]
[BlackElo "2249"]

1.d4 Nf6 2.Nf3 g6 3.c4 Bg7 4.g3 O-O 5.Bg2 d6 6.O-O c6 7.Nc3 Bf5 8.Nd2 e5
9.Nb3 Na6 10.a3 Be6 11.dxe5 dxe5 12.Qxd8 Rfxd8 13.Na5 Rd7 14.b4 e4 15.Ra2 Rc8
16.Nxe4 b6 17.Nxf6+ Bxf6 18.Nxc6 Rdc7 19.Rc2 Bf5 20.Rd2 Rxc6 21.Bxc6 Rxc6
22.b5 Rxc4 23.bxa6 Ra4 24.Rfd1 Rxa6 25.f3 Be6 26.Rd6 h5 27.e4 Ra5 28.Rc6 Rb5
29.Rc7 a5 30.f4 Rb3 31.e5 Bg7 32.Rd8+ Kh7 33.Kf2 b5 34.h4 Bc4 35.a4 Be6 36.axb5 Rxb5
37.Ra7 Bb3 38.Ba3 a4 39.Be7 Rb6 40.Rd6 Rb8 41.Ke3 Rc8 42.Kd3 Bc4+ 43.Kd4 Bb3
44.Rd8 Rc4+ 45.Ke3 Rc1 46.Raa8 Be6 47.Kd2 Rg1 48.Bf6 g5 49.Bxg7 Kxg7 50.Rg8+ Kh7
51.Rxg5 Rg2+ 52.Kc3 Bb3 53.Rxh5+ Kg6 54.Rg5+ Kh7 55.f5 Rc2+ 56.Kd3 Rc5 57.f6 Bc2+
58.Kd4 Rxe5 59.Kxe5 Be4  1-0

[Event "Open"]
[Site "Pilsen CZE"]
[Date "2009.12.08"]
[Round "4"]
[White "Janocko,P"]
[Black "Ulanowski,K"]
[Result "1-0"]
[WhiteElo "2077"]
[BlackElo "1783"]

1.d4 Nf6 2.c4 g6 3.g3 Bg7 4.Bg2 d6 5.Nf3 O-O 6.O-O Nbd7 7.Nc3 e5 8.dxe5 dxe5
9.Qc2 c6 10.b3 Re8 11.Rd1 e4 12.Nd4 e3 13.Bxe3 Rxe3 14.fxe3 Ng4 15.Rd3 Nxe3
16.Qd2 Nxg2 17.Kxg2 Qc7 18.Nf3 Nf8 19.Rd1 Bd7 20.e4 Be6 21.Ne2 b5 22.cxb5 cxb5
23.Qb4 Nd7 24.Ned4 Bg4 25.R1d2 Ne5 26.Nxe5 Qxe5 27.Nc6 Bh3+ 28.Kxh3 Qe6+
29.Kg2 Bf8 30.Rd8  1-0

[Event "Tch-SLO League"]
[Site "Rogaska Slatina SLO"]
[Date "2009.12.12"]
[Round "3"]
[White "Cvitan,O"]
[Black "Tratar,M"]
[Result "1/2-1/2"]
[WhiteElo "2533"]
[BlackElo "2480"]

1.d4 Nf6 2.Nf3 g6 3.c4 Bg7 4.g3 O-O 5.Bg2 d6 6.O-O c6 7.Nc3 Bf5 8.b3 Ne4
9.Bb2 Nxc3 10.Bxc3 Be4 11.e3 Nd7 12.Bh3 Bxf3 13.Qxf3 e6  1/2-1/2

[Event "Tch-SLO League"]
[Site "Rogaska Slatina SLO"]
[Date "2009.12.12"]
[Round "3"]
[White "Dizdar,G"]
[Black "Jankovic,A"]
[Result "1/2-1/2"]
[WhiteElo "2558"]
[BlackElo "2546"]

1.d4 Nf6 2.Nf3 g6 3.c4 Bg7 4.g3 O-O 5.Bg2 d6 6.O-O Nbd7 7.Nc3 e5 8.e4 c6
9.h3 Qa5 10.Be3 Nb6 11.dxe5 dxe5 12.Nd2 Be6 13.Nb3 Qb4 14.Bc5 Qxc4 15.Bxf8 Bxf8
16.Qc2 a5 17.Nd2 Qc5 18.Rfc1 Nfd7 19.Qd1 Qe7 20.Qe2  1/2-1/2

[Event "16th Open A"]
[Site "Zadar CRO"]
[Date "2009.12.13"]
[Round "1"]
[White "Drasko,M"]
[Black "Orak,L"]
[Result "1-0"]
[WhiteElo "2527"]
[BlackElo "2339"]

1.Nf3 Nf6 2.g3 g6 3.Bg2 Bg7 4.d4 O-O 5.c4 d6 6.O-O Nc6 7.Nc3 a6 8.Bd2 e5
9.d5 Ne7 10.b4 h6 11.Qb3 Ne8 12.e4 f5 13.c5 Kh7 14.exf5 Nxf5 15.Rac1 Nf6
16.Rfe1 Bd7 17.h3 Nd4 18.Nxd4 exd4 19.Ne2 Nh5 20.g4 Qh4 21.f4 Nf6 22.c6 bxc6
23.dxc6 Bc8 24.Qd3 h5 25.g5 Bf5 26.Qg3 Qxg3 27.Nxg3 Ng8 28.Nxf5 gxf5 29.Re6 Rfe8
30.Rce1 Rxe6 31.Rxe6 Bf8 32.h4 Rb8 33.Bf3 d5 34.Bxd5 Bxb4 35.Bxb4 Rxb4 36.Re8 d3
37.Bxg8+ Kg7 38.Bb3 Rxf4 39.Re7+ Kf8 40.Rxc7 d2 41.Rd7  1-0

[Event "London Classic FIDE Open"]
[Site "London ENG"]
[Date "2009.12.15"]
[Round "9"]
[White "Houska,Jo"]
[Black "Buckley,G"]
[Result "1-0"]
[WhiteElo "2391"]
[BlackElo "2388"]

1.d4 Nf6 2.Nf3 g6 3.c4 Bg7 4.g3 O-O 5.Bg2 d6 6.O-O Nbd7 7.Nc3 e5 8.e3 Re8
9.b3 c6 10.a4 a6 11.Ra2 e4 12.Nd2 d5 13.cxd5 cxd5 14.f3 exf3 15.Qxf3 Qe7
16.Ndb1 Nf8 17.Nxd5 Nxd5 18.Qxd5 Rb8 19.Qf3 Bf5 20.Nc3 Rbc8 21.Nd5 Qe6 22.Bd2 Bd3
23.Rfa1 Bc2 24.Rb2 g5 25.Rc1 Qg6 26.Qf2 Kh8 27.Be1 Bf5 28.Rxc8 Bxc8 29.Rc2 Be6
30.Nc7 Bxb3 31.Rc3 Re7 32.Rxb3 Rxc7 33.Rxb7 Rc1 34.Bf1 Kg8 35.Qd2 Ra1 36.a5 Ne6
37.Qc3 Rd1 38.Rb8+ Bf8 39.Be2 Rxe1+ 40.Qxe1 Qe4 41.Qf2 g4 42.h4 gxh3 43.Qf3 Qc2
44.Qg4+ Ng7 45.Qc8 h2+ 46.Kh1 Qe4+ 47.Kxh2 Ne6 48.Qc3 Qf5 49.Kg2 h5 50.Qd3 Qg5
51.Qe4 Qxa5 52.d5 Ng7 53.Qe7 Qxd5+ 54.e4 Qd2 55.Qxf8+ Kh7 56.Qg8+ Kg6 57.Rb6+ f6
58.Qc4  1-0

[Event "Tch-SLO League"]
[Site "Rogaska Slatina SLO"]
[Date "2009.12.15"]
[Round "7"]
[White "Vospernik,Z"]
[Black "Srebrnic,V"]
[Result "1-0"]
[WhiteElo "2277"]
[BlackElo "2207"]

1.d4 Nf6 2.Nf3 g6 3.c4 d6 4.g3 Bg7 5.Bg2 O-O 6.O-O c5 7.h3 cxd4 8.Nxd4 Nc6
9.Be3 Bd7 10.Nc3 Qa5 11.Qd2 Rfc8 12.Rad1 Nxd4 13.Bxd4 Rxc4 14.Bxf6 Bxf6 15.Nd5 Qxd2
16.Nxf6+ exf6 17.Rxd2 Be6 18.Bxb7 Rb8 19.Bg2 Ra4 20.b3 Ra6 21.Rc1 Rb5 22.Kh2 Rba5
23.Rcc2 Kf8 24.g4 h5 25.Kg3 hxg4 26.hxg4 Ke7 27.f4 Rc5 28.Be4 Raa5 29.Bd3 f5
30.gxf5 Bxf5 31.e4 Be6 32.Kf3 Rh5 33.Rh2 Rac5 34.Rxh5 Rxc2 35.Ra5 Rc7 36.Ke3 Kd7
37.f5 Ke7  1-0

[Event "16th Open A"]
[Site "Zadar CRO"]
[Date "2009.12.19"]
[Round "9"]
[White "Blagojevic,Dr"]
[Black "Orak,L"]
[Result "1/2-1/2"]
[WhiteElo "2557"]
[BlackElo "2339"]

1.d4 Nf6 2.c4 g6 3.Nf3 Bg7 4.g3 O-O 5.Bg2 d6 6.O-O Nc6 7.Nc3 a6 8.Bf4 Rb8
9.Rc1 Bd7 10.Nd5 Nh5 11.Be3 e6 12.Nf4  1/2-1/2

[Event "18th Donau Open"]
[Site "Aschach AUT"]
[Date "2009.12.27"]
[Round "2"]
[White "Jurek,J"]
[Black "Schwabeneder,Florian"]
[Result "1-0"]
[WhiteElo "2343"]
[BlackElo "2125"]

1.Nf3 Nf6 2.c4 g6 3.d4 Bg7 4.g3 O-O 5.Bg2 d6 6.Nc3 Nc6 7.O-O a6 8.d5 Na5
9.Nd2 c5 10.Qc2 Rb8 11.b3 b5 12.Bb2 Bh6 13.f4 bxc4 14.bxc4 Ng4 15.Nd1 Rxb2
16.Qxb2 Bg7 17.Qc1 e5 18.Rb1 exf4 19.Rxf4 Bh6 20.Qc3 Bxf4 21.gxf4 Re8 22.e4 f5
23.h3 Nf6 24.Nf2 Nh5 25.Nd3 Ng3 26.Re1 fxe4 27.Bxe4 Bxh3 28.Nf2 Qh4 29.Re3 Bf5
30.Rxg3 Qxf4 31.Bxf5  1-0

[Event "Tata Steel TCh-Asia w"]
[Site "Kolkata IND"]
[Date "2009.12.27"]
[Round "6"]
[White "Khan,N"]
[Black "Harika,D"]
[Result "0-1"]
[WhiteElo "1985"]
[BlackElo "2467"]

1.d4 g6 2.c4 Bg7 3.Nf3 Nf6 4.g3 O-O 5.Bg2 d6 6.O-O Nc6 7.Nc3 a6 8.Qd3 Nd7
9.a3 e5 10.d5 Nd4 11.Nxd4 exd4 12.Ne4 h6 13.Kh1 Re8 14.a4 Qe7 15.e3 f5 16.Nd2 Nc5
17.Qa3 dxe3 18.fxe3 Qxe3 19.Nf3 Qxa3 20.Rxa3 a5 21.Ne1 Bd7 22.b3 g5 23.Bf3 Bc3
24.Nc2 Bb4 25.Ra2 Nxb3 26.Rb2 Nxc1 27.Nxb4 axb4 28.Rxc1 g4 29.Bd1 Re1+ 30.Kg2 Bxa4
31.Rbb1 Bxd1  0-1

[Event "IX Gema Open"]
[Site "Mondariz ESP"]
[Date "2009.12.27"]
[Round "3"]
[White "Movsziszian,K"]
[Black "Hoffman,A"]
[Result "1/2-1/2"]
[WhiteElo "2541"]
[BlackElo "2426"]

1.d4 Nf6 2.c4 d6 3.g3 g6 4.Bg2 Bg7 5.Nf3 O-O 6.O-O c5 7.dxc5 dxc5 8.Qxd8 Rxd8
9.Nc3 Nc6 10.Bf4 Be6 11.Ne5 Nxe5 12.Bxe5 Rd7 13.Rfd1 Rad8 14.Bxb7 Rxd1+ 15.Rxd1 Rxd1+
16.Nxd1 Bxc4 17.Nc3 Ne8 18.Bxg7 Kxg7 19.Bd5 Bxd5 20.Nxd5 e6 21.Nc3 Nd6 22.Kf1 Kf6
23.Ke1 Ke7 24.h4 h5 25.Kd2  1/2-1/2

[Event "26th Open"]
[Site "Boeblingen GER"]
[Date "2009.12.29"]
[Round "7"]
[White "Konopka,M"]
[Black "Hirneise,T"]
[Result "1/2-1/2"]
[WhiteElo "2448"]
[BlackElo "2421"]

1.d4 Nf6 2.Nf3 g6 3.c4 Bg7 4.g3 O-O 5.Bg2 d6 6.Nc3 Nc6 7.O-O a6 8.e3 Bd7
9.Qe2 e5 10.d5 e4 11.dxc6 exf3 12.Bxf3 Bxc6 13.Rd1 Bxf3 14.Qxf3 Qc8  1/2-1/2

[Event "Christamas Open Masters"]
[Site "Zurich SUI"]
[Date "2009.12.29"]
[Round "5"]
[White "Livner,A"]
[Black "Potterat,M"]
[Result "1-0"]
[WhiteElo "2316"]
[BlackElo "2155"]

1.d4 Nf6 2.c4 g6 3.g3 Bg7 4.Bg2 O-O 5.Nf3 d6 6.O-O c5 7.d5 Na6 8.Nc3 Nc7
9.a4 Rb8 10.Bf4 b6 11.e4 a6 12.Rb1 Nd7 13.Qd2 b5 14.Rfe1 bxc4 15.e5 dxe5
16.Nxe5 Nxe5 17.Bxe5 Bf5 18.Rbd1 Bxe5 19.Rxe5 f6 20.Ree1 Qd6 21.Bf1 Bd3 22.Bxd3 cxd3
23.Qxd3 Rxb2 24.Ne4 Qb6 25.d6 exd6 26.Nxd6 Qb3 27.Qe4 f5 28.Qe5 Qc2 29.Rf1 f4
30.Ne4  1-0

[Event "22nd Open"]
[Site "Staufer GER"]
[Date "2010.01.02"]
[Round "1"]
[White "Jurek,J"]
[Black "Alber,A"]
[Result "0-1"]
[WhiteElo "2343"]
[BlackElo "1880"]

1.Nf3 Nf6 2.c4 g6 3.d4 Bg7 4.g3 O-O 5.Bg2 d6 6.Nc3 Nc6 7.O-O a6 8.d5 Na5
9.Nd2 c5 10.Qc2 Rb8 11.b3 Bf5 12.e4 Bd7 13.Bb2 b5 14.Rae1 e6 15.Nd1 bxc4
16.bxc4 exd5 17.exd5 Bf5 18.Ne4 Rb4 19.Bc3 Rxc4 20.Qd3 Nxe4 21.Bxa5 Qxa5
22.Qxc4 Nd2 23.Qe2 Nxf1 24.Rxf1 Bd7 25.Ne3 Bb5 26.Nc4 Qc3 27.Qd3  0-1

[Event "22nd Open"]
[Site "Staufer GER"]
[Date "2010.01.02"]
[Round "1"]
[White "Braun,P"]
[Black "Hoepfner,T"]
[Result "1/2-1/2"]
[WhiteElo "2239"]
[BlackElo "1851"]

1.d4 Nf6 2.Nf3 g6 3.c4 Bg7 4.g3 d6 5.Bg2 O-O 6.O-O Nbd7 7.Nc3 e5 8.e4 Qe7
9.h3 Ne8 10.Re1 Ndf6 11.Bg5 h6 12.Be3 Kh7 13.Qc2 Bd7 14.Rad1 Bc6 15.b4 b6
16.Nd5 Nxd5 17.cxd5 Bb7 18.Rc1 Bc8 19.Kh2 f5 20.exf5 Bxf5 21.Qc6 Rc8 22.dxe5 dxe5
23.a3 Nf6 24.Nh4 Bd7 25.Qc2 Qf7 26.Red1 Rfd8 27.Bd2 Be8 28.Bc3 Nxd5 29.Nxg6 Kg8
30.Rxd5 Qxg6 31.Be4 Qg5 32.Rcd1 Bf7 33.h4 Qe7 34.Rxd8+ Rxd8 35.Rxd8+ Qxd8
36.Qd3 Qxd3 37.Bxd3 Bd5 38.Bf1 Kf7 39.Bh3 Bf6 40.Kg1 Bf3 41.Kf1 e4 42.Bxf6 Kxf6
43.Ke1 Ke5 44.Kd2 h5 45.Ke3 c5 46.bxc5 bxc5 47.Bf1 Kd5 48.Ba6 c4 49.Bb7+ Ke5
50.Ba6 c3 51.Bc4 Bd1 52.Bf7 Bf3 53.Bb3 Bg4 54.Bc2 Bf3 55.Bb3 Bg4 56.Bc2 Bf3  1/2-1/2

[Event "15th Open"]
[Site "Bosnjaci CRO"]
[Date "2010.01.03"]
[Round "1"]
[White "Senjic,P"]
[Black "Zivkovic,Vj"]
[Result "0-1"]
[WhiteElo "1950"]
[BlackElo "2396"]

1.d4 Nf6 2.c4 d6 3.g3 g6 4.Bg2 Bg7 5.Nf3 O-O 6.O-O c6 7.Nc3 Qb6 8.e4 Bg4
9.Qb3 Nfd7 10.Be3 Na6 11.Rad1 Qxb3 12.axb3 Nb4 13.h3 Bxf3 14.Bxf3 Nc2 15.g4 c5
16.Ne2 a5 17.Rd2 cxd4 18.Bxd4 Nxd4 19.Nxd4 Nc5 20.Re1 Bxd4 21.Rxd4 Nxb3 22.Rd5 f6
23.Bg2 g5 24.h4 h6 25.hxg5 hxg5 26.f4 gxf4 27.g5 Ra6 28.Bh3 e5 29.gxf6 Rxf6
30.Bf5 Nd4 31.Rxd4 exd4 32.Kf2 Rb6 33.Rd1 Rxb2+ 34.Kf3 a4 35.Rxd4 a3 36.c5 dxc5
37.Ra4 Ra6  0-1

[Event "ch-AUS"]
[Site "Sydney AUS"]
[Date "2010.01.04"]
[Round "3"]
[White "Nakauchi,G"]
[Black "Ly,Mo"]
[Result "1-0"]
[WhiteElo "2081"]
[BlackElo "2335"]

1.d4 Nf6 2.c4 g6 3.g3 Bg7 4.Bg2 O-O 5.Nf3 d6 6.O-O Nc6 7.Nc3 Bf5 8.d5 Na5
9.Nd2 c6 10.b4 Nxd5 11.cxd5 Bxc3 12.e4 Bxa1 13.exf5 Bg7 14.bxa5 Qxa5 15.fxg6 hxg6
16.Qb3 cxd5 17.Bxd5 e6 18.Bxe6 fxe6 19.Qxe6+ Rf7 20.Qxg6 Rd8 21.Ne4 Qf5 22.Qg5 Qxg5
23.Bxg5 Rdd7 24.h4 b6 25.g4 d5 26.Ng3 Rc7 27.Nf5 Rfd7 28.Nxg7 Kxg7 29.Bf4 Rc2
30.Be5+ Kf7 31.h5 d4 32.g5 Ke6 33.f4 d3 34.Rd1 Re2 35.g6 d2 36.Bc3 Re1+ 37.Rxe1+ dxe1=Q+
38.Bxe1 Rd5 39.h6 Rh5 40.h7 Kf6 41.Bc3+ Kxg6 42.h8=Q Rxh8 43.Bxh8 Kf5 44.Be5 Ke4
45.Kf2 b5 46.Kg3  1-0

[Event "ch-AUS"]
[Site "Sydney AUS"]
[Date "2010.01.09"]
[Round "7"]
[White "Pyke,M"]
[Black "Lazarus,Be"]
[Result "1/2-1/2"]
[WhiteElo "2164"]
[BlackElo "2162"]

1.d4 Nf6 2.Nf3 g6 3.c4 Bg7 4.g3 O-O 5.Bg2 d6 6.O-O Nc6 7.d5 Na5 8.Nbd2 c5
9.a3 Qc7 10.Qc2 b5 11.cxb5 Nxd5 12.Rb1 Rb8 13.e4 Nf6 14.b4 Nb7 15.Bb2 Bd7
16.a4 Rfc8 17.Rbc1 Qd8 18.Qb1 cxb4 19.e5 Ne8 20.exd6 exd6 21.Bxg7 Nxg7 22.Qxb4 Rxc1
23.Rxc1 Nc5 24.Rd1 a6 25.Nd4 Nf5 26.N2f3 axb5 27.axb5 Qb6 28.Nxf5 Bxf5 29.Nd4 Bd7
30.Bc6  1/2-1/2

[Event "ch-AUS"]
[Site "Sydney AUS"]
[Date "2010.01.10"]
[Round "8"]
[White "Nakauchi,G"]
[Black "Yuan,Y2"]
[Result "0-1"]
[WhiteElo "2081"]
[BlackElo "2129"]

1.d4 Nf6 2.c4 g6 3.g3 Bg7 4.Bg2 d6 5.Nf3 O-O 6.O-O Nbd7 7.Nc3 e5 8.e4 c6
9.h3 Qb6 10.c5 dxc5 11.dxe5 Ne8 12.e6 fxe6 13.Ng5 Ne5 14.f4 Nf7 15.Nxf7 Bd4+
16.Kh2 Rxf7 17.e5 Nc7 18.Ne4 Nd5 19.Nd6 Rg7 20.h4 Bd7 21.Be4 Rf8 22.a4 a5
23.Ra3 Qc7 24.h5 Be8 25.h6 Rd7 26.Qg4 Rxd6 27.exd6 Qxd6 28.Bg2 Bd7 29.Bh3 b6
30.Qe2 Ra8 31.Re1 Kf7 32.Rf3 b5 33.Kh1 Re8 34.g4 Qe7 35.Kg2 Qd6 36.Qd2 b4
37.Qd3 Nf6 38.Be3 e5 39.fxe5 Rxe5 40.Bxd4 cxd4 41.Ref1 Qd5 42.Kh2 Ke7 43.Rxf6 Re3
44.Rf7+ Kd6 45.Qd2 Qe5+ 46.Kg1 Rxh3 47.Qf4 Bxg4 48.Rxh7 d3 49.Rh8 Qxf4 50.Rxf4 Bf5
51.h7 Kc5 52.Kg2 Rh5 53.b3 Be6 54.Kg3 d2 55.Rd8 Bd5 56.Rf1 Rxh7 57.Rxd5+ Kxd5
58.Rd1 Kd4 59.Rxd2+ Kc3 60.Rd6 Kxb3 61.Rxc6 Kxa4 62.Rb6 Ka3 63.Kf3 Re7 64.Rxg6 a4
65.Rb6 b3 66.Rb5 b2 67.Rb6 Ka2 68.Rb4 b1=Q 69.Rxa4+ Kb3 70.Rf4 Qf1+ 71.Kg4 Rg7+
72.Kf5 Rf7+ 73.Kg6 Rxf4  0-1

[Event "Open"]
[Site "Prague CZE"]
[Date "2010.01.11"]
[Round "4"]
[White "Klecker,T"]
[Black "Nguyen,P"]
[Result "0-1"]
[WhiteElo "2161"]
[BlackElo "2360"]

1.d4 Nf6 2.Nf3 g6 3.c4 Bg7 4.g3 O-O 5.Bg2 d6 6.O-O Nc6 7.Nc3 a6 8.h3 Bd7
9.e4 e5 10.d5 Nd4 11.Nxd4 exd4 12.Qxd4 Qc8 13.h4 Ng4 14.Qd3 Ne5 15.Qe2 b5
16.cxb5 axb5 17.Bf4 b4 18.Nd1 Qa6 19.Qxa6 Rxa6 20.Bd2 Rb8 21.Re1 Ba4 22.a3 Nd3
23.axb4 Nxe1 24.Bxe1 Raa8 25.Bc3 Bxd1 26.Rxd1 Ra2 27.Rc1 Rba8 28.e5 Ra1 29.Rxa1 Rxa1+
30.Kh2 Bxe5 31.Bxe5 dxe5 32.b5 Rb1 33.d6 cxd6 34.b6 Rxb2 35.b7 Kf8 36.g4 Ke7
37.g5 Ke6 38.Kg3 Rb3+ 39.Kg4 d5 40.f4 Rxb7  0-1

[Event "2nd Kirov Memorial Open"]
[Site "Blagoevgrad BUL"]
[Date "2010.01.14"]
[Round "5"]
[White "Vasilev,M"]
[Black "Veleski,R"]
[Result "1-0"]
[WhiteElo "2466"]
[BlackElo "2289"]

1.d4 Nf6 2.c4 g6 3.Nf3 Bg7 4.g3 O-O 5.Bg2 d6 6.O-O Nc6 7.Nc3 e5 8.d5 Ne7
9.h3 Nh5 10.e4 a6 11.Ne1 Qe8 12.Nd3 f5 13.c5 Qf7 14.cxd6 cxd6 15.Bg5 f4 16.g4 f3
17.Bh1 h6 18.Be3 Qf6 19.Ne1 Qh4 20.gxh5 Bxh3 21.Bxf3 Bxf1 22.Kxf1 Rf6 23.Kg1 Rf7
24.Ng2 Qf6 25.Bg4 Kh8 26.Be6 Rff8 27.Rc1 gxh5 28.Qxh5 Qg6 29.Qxg6 Nxg6 30.Ne2 Rf6
31.Rc7 b5 32.Ng3 Nf4 33.Bxf4 exf4 34.Nh5 Rg6 35.Rxg7 Rxg7 36.Nxg7 Kxg7 37.Nxf4 Ra7
38.Nd3 Rc7 39.f4 Kf6 40.e5+ Ke7 41.f5 dxe5 42.Nxe5 Rc2 43.Nd7 Rc8 44.f6+ Kd6
45.f7 Ke7 46.f8=Q+ Rxf8 47.Nxf8  1-0

[Event "TCh-AUT 2009-10"]
[Site "Graz AUT"]
[Date "2010.01.14"]
[Round "4"]
[White "Shengelia,D"]
[Black "Kuthan,A"]
[Result "1-0"]
[WhiteElo "2560"]
[BlackElo "2220"]

1.d4 Nf6 2.Nf3 g6 3.c4 Bg7 4.g3 O-O 5.Bg2 d6 6.Nc3 Nbd7 7.O-O e5 8.h3 c6
9.e4 Qa5 10.Re1 exd4 11.Nxd4 Ne5 12.Bf1 Re8 13.Be3 Be6 14.Nxe6 Rxe6 15.f4 Ned7
16.Bf2 Rae8 17.a3 a6 18.Bg2 h5 19.b4 Qc7 20.Rc1 Bh6 21.Be3 Qb8 22.g4 hxg4
23.hxg4 Bg7 24.Bf3 b5 25.cxb5 axb5 26.g5 Nh5 27.f5 Re5 28.Bxh5 gxh5 29.Qxh5 d5
30.Kg2 Qa8 31.Rh1 dxe4 32.Qh7+ Kf8 33.f6 Nxf6 34.gxf6 Bxf6 35.Rcf1 Qd8 36.Rh6 R8e6
37.Rhxf6  1-0

[Event "IMB3"]
[Site "Marianske Lazne CZE"]
[Date "2010.01.18"]
[Round "3"]
[White "Jurek,J"]
[Black "Kashlinskaya,A"]
[Result "1/2-1/2"]
[WhiteElo "2343"]
[BlackElo "2315"]

1.d4 Nf6 2.Nf3 g6 3.c4 Bg7 4.g3 O-O 5.Bg2 d6 6.Nc3 Nbd7 7.O-O e5 8.e4 a6
9.Re1 exd4 10.Nxd4 Ng4 11.h3 Qf6 12.hxg4 Qxd4 13.Nd5 Qxd1 14.Rxd1 Ne5 15.f3 Be6
16.Rb1 c6 17.Nb6 Rad8 18.b3 f5 19.Bg5 Rde8 20.gxf5 gxf5 21.Bf4 fxe4 22.fxe4 Bg4
23.Rxd6 Rd8 24.c5 Nd3 25.Be3 Be5 26.Rxd8 Rxd8 27.Kh2 Bd4 28.Bxd4 Rxd4 29.Nc4 Nxc5
30.Ne3 Be6 31.Rb2 Nxe4 32.Re2 Rd2 33.Rxd2 Nxd2 34.Kg1 Nb1 35.Nd1 Bg4 36.Ne3 Be6
37.Nd1 h6 38.Kf2 Kf7 39.Ke3 Ke7 40.Kd4 Kd6 41.Be4 Nd2 42.Bg2 Nb1 43.Be4 Na3
44.Ne3 Nb5+ 45.Kd3 Ke5 46.Bf3 Nd6 47.Ng4+ Bxg4 48.Bxg4 Nf5 49.b4 b5 50.Bf3 Ne7
51.Bg4 Nd5 52.a3 Ne7 53.Bf3 Kd6 54.Be4 c5 55.Bb7 c4+ 56.Kc3 Nd5+ 57.Kd4 Ne7
58.Bxa6 Nf5+ 59.Kc3 Nxg3 60.Bxb5 h5 61.Bxc4 h4 62.Ba6 Kc7 63.Bc4 Kd6 64.Ba6 Kc7  1/2-1/2

[Event "GMA"]
[Site "Marianske Lazne CZE"]
[Date "2010.01.20"]
[Round "6"]
[White "Orzech,D"]
[Black "Vokac,M"]
[Result "1-0"]
[WhiteElo "2411"]
[BlackElo "2479"]

1.d4 Nf6 2.Nf3 g6 3.c4 Bg7 4.g3 O-O 5.Bg2 d6 6.O-O c6 7.Nc3 Bf5 8.Nh4 Be6
9.d5 cxd5 10.cxd5 Bd7 11.Nf3 Qa5 12.Be3 Rc8 13.Qd2 Na6 14.Nd4 Nc5 15.Rfd1 Na4
16.Nxa4 Qxd2 17.Bxd2 Bxa4 18.b3 Bd7 19.Rac1 Kf8 20.e3 h5 21.h3 Rxc1 22.Rxc1 Rc8
23.Rxc8+ Bxc8 24.f4 a6 25.Kf2 Ne8 26.Bc3 Nc7 27.Ke1 e5 28.dxe6 fxe6 29.Kd2 e5
30.Ba5 Ne8 31.Nf3 exf4 32.gxf4 Nf6 33.Ng5 Ke7 34.Kd3 Bh6 35.h4 Nd7 36.e4 b6
37.Bc3 Bb7 38.Ke3 a5 39.a3 Ba6 40.Bd4 Bb7 41.Bh3 Nc5 42.b4 axb4 43.axb4 Bxg5
44.fxg5 Nd7 45.Kf4 Bc6 46.e5 dxe5+ 47.Bxe5 Nf8 48.Bf6+ Kd6 49.Be5+ Ke7 50.Bc3 Bd7
51.Bg2 Kd6 52.Be5+ Ke7 53.Bb8 Bf5 54.Bd5 Bc2 55.Bf3 Bb1 56.Ke3 Nd7 57.Bc7 Ke6
58.Kd4 Bf5 59.Be2 Ke7 60.Kc4 Bg4 61.Bd3 Bf5 62.Bf1 Be4 63.Kb5 Ke6 64.Bh3+ Bf5
65.Bg2 Bd3+ 66.Kc6 Ne5+ 67.Kxb6 Nc4+ 68.Kc5 Ne3 69.Bc6 Nf5 70.b5 Bxb5 71.Bxb5 Nxh4
72.Bd3 Nf5 73.Bc4+ Ke7 74.Bf4 h4 75.Kd5 h3 76.Ke5 Nh4 77.Be2 Ng2 78.Bh2 Ne3
79.Ke4 Nf5 80.Bg4 Ng7 81.Bxh3 Ne6 82.Bxe6 Kxe6 83.Be5 Kf7 84.Kd5 Ke7 85.Bd4 Kf7
86.Kd6 Kg8 87.Ke6 Kh7 88.Kf6  1-0

[Event "IMB3"]
[Site "Marianske Lazne CZE"]
[Date "2010.01.20"]
[Round "6"]
[White "Kashlinskaya,A"]
[Black "Hantak,A"]
[Result "0-1"]
[WhiteElo "2315"]
[BlackElo "2195"]

1.d4 d6 2.Nf3 g6 3.g3 Bg7 4.Bg2 Nf6 5.c4 O-O 6.Nc3 Nc6 7.O-O Bg4 8.h3 Bxf3
9.Bxf3 Nd7 10.e3 e5 11.d5 Ne7 12.e4 a5 13.Bg2 f5 14.f4 Nc5 15.fxe5 Bxe5 16.Bh6 Bxg3
17.Bxf8 Qxf8 18.Nb5 Qh6 19.Nxc7 Rc8 20.Ne6 Qe3+ 21.Kh1 Nxe4 22.Bxe4 Qxe4+
23.Qf3 Rxc4 24.b3 Qh4 25.Qg2 Nxd5 26.Ng5 Ne3 27.Qxb7 Qxg5 28.bxc4 Qh4 29.Qb8+ Kg7
30.Qb2+ Be5 31.Qb7+ Kh6 32.Qf3 Nxf1 33.Rxf1 Qxc4 34.Rf2 Qe4 35.Kg2 Kg5 36.Re2 Qxf3+
37.Kxf3 Kf6 38.Re3 Bd4 39.Rb3 Bc5 40.Ke2 h6 41.Kd3 a4 42.Rb1 a3 43.Kc4 g5
44.Kd5 g4 45.hxg4 fxg4 46.Ke4 Kg5  0-1